000
00309nam a2200109Ia 4500
008
200302s9999 xx 000 0 und d
100
_a
Philip Jodidio
245
_a
Architecture Now ! 6 Architektur Heute / L' architecture D' Aujord hui
260
_b
Taschen Gmbh Group Ltd.
260
_c
2009
300
_a
576 P.,
999
_c
2658
_d
2658